Constantinople : the last great siege 1453

Saved in:
Bibliographic Details
Main Author: Crowley, Roger, 1951-
Format: Book
Language:English
Published: London : Faber and Faber, c2005.
Subjects:
Tags: Add Tag
No Tags, Be the first to tag this record!

MARC

LEADER 00000nam a2200000 a 4500
001 1/127028
008 230714s2005####enka ||| |||| ||eng||
020 |a 0571221866 
040 |a GR-MyUa  |b gre  |c GR-MyUa  |e AACR2 
041 0 |a eng 
082 7 |a 938.389   |2 (23) 
100 1 |a Crowley, Roger,   |d 1951- 
245 1 0 |a Constantinople :   |b the last great siege 1453 /   |c Roger Crowley.  
260 |a London :   |b Faber and Faber,   |c c2005.  
300 |a 304 σ. :   |b εικ. ;   |c 20 εκ.  
504 |a Βιβλιογραφία: σ. 283-287. Ευρετήριο.  
651 0 |a Istanbul (Turkey)  |x History  |y Siege, 1453. 
852 |a INST  |b LESVOS  |e 20230714  |h 938.389 CRO  |p 005100064406  |q 005100064406  |t BK  |y 0 
970 |a Καμάτσου  |b Δέσποινα  |z 14-07-2023